Associe le sportif à son sport - Statistiques

Statistiques générales
  • Ce quiz a été pris 107 fois
  • Le résultat moyen est 12 sur 21
Statistiques - réponses
Hint Réponse % Correct
Simone Biles Gymnastique
90%
Nikola Karabatic Handball
86%
Renaud Lavillenie Saut à la perche
82%
Clarisse Agbégnénou Judo
80%
Caroline Garcia Tennis
76%
Megan Rapinoe Football
75%
Laura Flessel Escrime
74%
Noah Lyles 100m
71%
Tony Estanguet Canoë
71%
Chuqin Wang Ping pong
66%
Serge Blanco Rugby
62%
Yohann Diniz Marche athlétique
56%
Estelle Mossely Boxe
54%
Taig Khris Roller
53%
Perrine Laffont Ski acrobatique
51%
Joris Daudet BMX
49%
Catherine Destivelle Alpinisme
33%
Mike Powell Saut en longueur
31%
Thomas Heurtel Depeiges Me casser les pieds
26%
Yuzuru Hanyū Patinage artistique
26%
Ryan Crouser Lancer du poids
17%
Aucun quiz correspondant
Distribution des résultats
% des personnes avec chaque résultat
Percentile par nombre de réponses
Votre historique - résultats
Vous n’avez pas pris ce quiz